LEADER 08089nam 2201573 a 450 001 9910456402603321 005 20210518030848.0 010 $a1-283-15248-7 010 $a9786613152480 010 $a1-4008-3893-2 024 7 $a10.1515/9781400838936 035 $a(CKB)2550000000041954 035 $a(EBL)726051 035 $a(OCoLC)751673771 035 $a(SSID)ssj0000520677 035 $a(PQKBManifestationID)11340931 035 $a(PQKBTitleCode)TC0000520677 035 $a(PQKBWorkID)10514930 035 $a(PQKB)10986113 035 $a(MiAaPQ)EBC726051 035 $a(StDuBDS)EDZ0000514993 035 $a(OCoLC)744592680 035 $a(MdBmJHUP)muse36959 035 $a(DE-B1597)446657 035 $a(OCoLC)979881745 035 $a(DE-B1597)9781400838936 035 $a(Au-PeEL)EBL726051 035 $a(CaPaEBR)ebr10480672 035 $a(CaONFJC)MIL315248 035 $a(EXLCZ)992550000000041954 100 $a20110323d2011 uy 0 101 0 $aeng 135 $aurun#---|uu|u 181 $ctxt 182 $cc 183 $acr 200 10$aAdaptive diversification$b[electronic resource] /$fMichael Doebeli 205 $aCourse Book 210 $aPrinceton, N.J. $cPrinceton University Press$d2011 215 $a1 online resource (346 p.) 225 1 $aMonographs in population biology ;$v48 300 $aDescription based upon print version of record. 311 0 $a0-691-12893-6 311 0 $a0-691-12894-4 320 $aIncludes bibliographical references and index. 327 $tFront matter --$tContents --$tAcknowledgments --$tCHAPTER ONE. Introduction --$tCHAPTER TWO. Evolutionary Branching in a Classical Model for Sympatric Speciation --$tCHAPTER THREE. Adaptive Diversification Due to Resource Competition in Asexual Models --$tCHAPTER FOUR. Adaptive Diversification Due to Resource Competition in Sexual Models --$tCHAPTER FIVE. Adaptive Diversification Due to Predator-Prey Interactions --$tCHAPTER SIX. Adaptive Diversification Due to Cooperative Interactions --$tCHAPTER SEVEN. More Examples: Adaptive Diversification in Dispersal Rates, the Evolution of Anisogamy, and the Evolution of Trophic Preference --$tCHAPTER EIGHT. Cultural Evolution: Adaptive Diversification in Language and Religion --$tCHAPTER NINE. Adaptive Diversification and Speciation as Pattern Formation in Partial Differential Equation Models --$tCHAPTER TEN. Experimental Evolution of Adaptive Diversification in Microbes --$tAPPENDIX. Basic Concepts in Adaptive Dynamics --$tBibliography --$tIndex 330 $a"Understanding the mechanisms driving biological diversity remains a central problem in ecology and evolutionary biology. Traditional explanations assume that differences in selection pressures lead to different adaptations in geographically separated locations. This book takes a different approach and explores adaptive diversification--diversification rooted in ecological interactions and frequency-dependent selection. In any ecosystem, birth and death rates of individuals are affected by interactions with other individuals. What is an advantageous phenotype therefore depends on the phenotype of other individuals, and it may often be best to be ecologically different from the majority phenotype. Such rare-type advantage is a hallmark of frequency-dependent selection and opens the scope for processes of diversification that require ecological contact rather than geographical isolation. Michael Doebeli investigates adaptive diversification using the mathematical framework of adaptive dynamics. Evolutionary branching is a paradigmatic feature of adaptive dynamics that serves as a basic metaphor for adaptive diversification, and Doebeli explores the scope of evolutionary branching in many different ecological scenarios, including models of coevolution, cooperation, and cultural evolution. He also uses alternative modeling approaches. Stochastic, individual-based models are particularly useful for studying adaptive speciation in sexual populations, and partial differential equation models confirm the pervasiveness of adaptive diversification. Showing that frequency-dependent interactions are an important driver of biological diversity, Adaptive Diversification provides a comprehensive theoretical treatment of adaptive diversification"--$cProvided by publisher. 330 $a"Adaptive biological diversification occurs when frequency-dependent selection generates advantages for rare phenotypes and induces a split of an ancestral lineage into multiple descendant lineages. Using adaptive dynamics theory, individual-based simulations, and partial differential equation models, this book illustrates that adaptive diversification due to frequency-dependent ecological interaction is a theoretically ubiquitous phenomenon"--$cProvided by publisher. 410 0$aMonographs in population biology ;$v48. 606 $aAdaptation (Biology)$xMathematical models 606 $aBiodiversity$xMathematical models 606 $aEvolution (Biology)$xMathematical models 608 $aElectronic books. 610 $aLotka?olterra models. 610 $aMaynard Smith model. 610 $aRichard Lenski. 610 $aadaptive diversification. 610 $aadaptive dynamics theory. 610 $aadaptive dynamics. 610 $aadaptive speciation. 610 $aanisogamy. 610 $aasexual speciation. 610 $aassortative mating. 610 $abiological diversity. 610 $aclonal models. 610 $acoevolution. 610 $acoevolutionary dynamics. 610 $aconformist cultures. 610 $acooperative interactions. 610 $acrossfeeding. 610 $acultural evolution. 610 $adispersal rates. 610 $adisruptive selection. 610 $adiverging phenotypic clusters. 610 $adiversification. 610 $aecological character displacement. 610 $aecological dynamics. 610 $aecology. 610 $aecosystem. 610 $aevolutionary biology. 610 $aevolutionary branching. 610 $aevolutionary dynamics. 610 $aevolutionary processes. 610 $aevolutionary trajectory. 610 $aexperimental evolution. 610 $afrequency dependence. 610 $afrequency independence. 610 $afrequency-dependent competition. 610 $afrequency-dependent interactions. 610 $afrequency-dependent selection. 610 $agamete size. 610 $aindividual-based models. 610 $aintraspecific cooperation. 610 $alanguage memes. 610 $alanguage. 610 $amainstream culture. 610 $amathematical modeling. 610 $amating populations. 610 $amicrobes. 610 $amutualism. 610 $amutualistic interactions. 610 $aniche ecology. 610 $apartial differential equation models. 610 $apattern formation. 610 $aphenotype distributions. 610 $aphenotype. 610 $aphenotypic differentiation. 610 $aphenotypic divergence. 610 $apolymorphic populations. 610 $apolymorphism. 610 $apolymorphisms. 610 $apredation. 610 $apredator?rey interactions. 610 $aprezygotic reproductive isolation. 610 $areligion. 610 $areligious diversification. 610 $areproductive isolation. 610 $aresource competition. 610 $asexual populations. 610 $asexual reproduction. 610 $aspeciation model. 610 $atrophic preference. 615 0$aAdaptation (Biology)$xMathematical models. 615 0$aBiodiversity$xMathematical models. 615 0$aEvolution (Biology)$xMathematical models. 676 $a578.4 700 $aDoebeli$b Michael$f1961-$01044162 801 0$bMiAaPQ 801 1$bMiAaPQ 801 2$bMiAaPQ 906 $aBOOK 912 $a9910456402603321 996 $aAdaptive diversification$92469629 997 $aUNINA LEADER 02408nam0 2200409 i 450 001 MIL0272814 005 20231121125543.0 010 $a8879884344 020 $aIT$b96-10652 100 $a19960507d1995 ||||0itac50 ba 101 | $aita$amul 102 $ait 181 1$6z01$ai $bxxxe 182 1$6z01$an 200 1 $a˜La œpredicazione dei frati dalla metā del '200 alla fine del '300$eatti del 22. Convegno internazionale$eAssisi, 13-15 ottobre 1994$fSocietā internazionale di studi francescani, Centro interuniversitario di studi francescani 210 $aSpoleto$cCentro italiano di studi sull'alto Medioevo$d1995 215 $aX, 496 p., \16! c. di tav.$cill.$d 23 cm. 225 | $aAtti dei convegni della Societā internazionale di studi francescani e del Centro interuniversitario di studi francescani.$i Nuova serie$v5 410 0$1001TO00075237$12001 $aAtti dei convegni della Societā internazionale di studi francescani e del Centro interuniversitario di studi francescani.$i Nuova serie$v5$171202$aSocietā internazionale di studi francescani$3CFIV021323 606 $aCongressi$xAssisi$x1994$2FIR$3RMLC410745$9I 606 $aOrdini mendicanti$xPredicazione$xSec. 13.-14.$xCongressi$x1994$2FIR$3RMLC410746$9I 606 $aOratoria sacra$xSec. 13.-14.$xCongressi Assisi 1994$2FIR$3RMLC062049$9I 676 $a271.06$9$v21 710 02$aSocietā internazionale di studi francescani$3CFIV021323$4070$0167009 711 02$aCentro interuniversitario di studi francescani$3TO0V043484$4070$0167010 801 3$aIT$bIT-01$c19960507 850 $aIT-RM028 $aIT-RM0281 $aIT-RM0249 $aIT-RM0151 $aIT-FR0017 899 $aBiblioteca Universitaria Alessandrina$bRM028 899 $aBIBLIOTECA VALLICELLIANA$bRM0281 899 $aSOCIETA' ROMANA DI STORIA PATRIA$bRM0249 899 $aBiblioteca Istituto Storico Italiano Medio Evo - I$bRM0151 899 $aBiblioteca umanistica Giorgio Aprea$bFR0017 912 $aMIL0272814 950 0$aBiblioteca umanistica Giorgio Aprea$d 52CIS SPOLETO R 5$e 52VM 0000523885 VM barcode:00021062. - Inventario:27490 FLSVM$fA $h20050131$i20121204 977 $a 01$a 08$a 11$a 41$a 52 996 $aPredicazione dei frati dalla metā del '200 alla fine del '300$91457350 997 $aUNICAS